000 00329nam a2200133Ia 4500
008 231017s9999 xx 000 0 und d
082 _a620.1129
082 _bNGU
245 0 _aDielectric Measurements for Saturation Determination
245 0 _cBuu Long Nguyen
260 _bBuu Long Nguyen
300 _c30cm
942 _cREP
999 _c603921
_d603921